000 01975cam a22003134a 4500
001 16696407
005 20170105102914.0
008 110317s2011 nyu b 001 0 eng
010 _a 2011012064
020 _a9780230280397 (alk. paper)
040 _aDLC
_cDLC
_dDLC
042 _apcc
043 _ad------
_ae------
050 0 0 _aJZ1238.D44
_bL59 2011
082 0 0 _a327.1071
_222
100 1 _aLizée, Pierre.
245 1 2 _aA whole new world :
_breinventing international studies for the post-Western world /
_cPierre P. Lizee.
260 _aNew York :
_bPalgrave Macmillan,
_c2011.
300 _avii, 250 p. ;
_c23 cm.
504 _aIncludes bibliographical references and index.
505 0 _aIntroduction: understanding the post-western world -- Part I. How do we think about global politics? universals in international studies: competing universals: realism; competing universals: liberalism; searching for the particular: after constructivism -- Part II. What do we overlook? international politics in the non-western world: violence, rationality, and the state; politics, economics, and self-identity; the construction of difference in international affairs -- Part III. What now? reinventing international studies for the post-western world: reinventing realism: power and violence in the post-western world; reinventing liberalism: values and change in the post-western world; the way forward: searching for new universals in global politics.
650 0 _aInternational relations
_xStudy and teaching
_zDeveloping countries.
650 0 _aInternational relations
_xStudy and teaching
_zWestern countries.
650 0 _aInternational relations
_xPhilosophy.
650 0 _aWorld politics
_y21st century.
906 _a7
_bcbc
_corignew
_d1
_eecip
_f20
_gy-gencatlg
942 _2ddc
_cBK
999 _c15273
_d15273